00743nam a2200241 a 4500001001300000003000900013005001700022008004100039020001000080082001600090100002400106245008000130260004500210300000900255500003500264505001000299650002200309700002400331902000800355942000700363952011600370999001500486nice12345678IN_TiNIC20260116012015.0050524s1967 mada grp 000 0 ara  ac10000a297.7bNAD3 aNadvi, Abdul Haleem aMarakizul-Muslamin Al Taleemiyah Ta Wal Saqafiyatah Wal Diniyatat, Fil Hind aMadrasbJamiayata Millilya Islamiac1967 a184p aincludes index and biblioraphy2 aIndex aIslamic-Education1 aNadvi, Abdul Haleem bSRS cBK 001040708StackRoom-aHMIbHMId2007-07-12g100.00l0o297.7 NAD3p09002r2007-07-12v100.00w2005-05-24yBK c5260d5260